000 00550nam a22002057a 4500
003 OSt
005 20140310182940.0
008 130204t xxu||||| |||| 00| 0 eng d
020 _a9789715849333
050 _aQA 152
_b.B214 2010
082 _aM 512
_bB214 2010
245 _aReal-world mathematics : elementary algebra
260 _aQuezon City :
_bC & E Publishing,
_c2010.
300 _ax, 644 p. :
_c26 cm
_bill. ;
521 _acollege students
526 _c1210L-1700L
541 _j1
562 _e1
942 _2lcc
_cBK
_mFIL
999 _c17711
_d17711